[Event "Muensterland Verbandsliga 0607"]
[Site "Germany"]
[Date "2006.11.25"]
[Round "3.4"]
[White "Schmeing, Walter"]
[Black "Waltermann, Jens"]
[Result "1/2-1/2"]
[WhiteElo "2038"]
[BlackElo "1911"]
[PlyCount "92"]
[EventDate "2006.09.16"]
[EventType "team"]
[EventRounds "9"]
[EventCountry "GER"]
[SourceTitle "EXT 2008"]
[Source "ChessBase"]
[SourceDate "2007.11.25"]
[SourceVersion "1"]
[SourceVersionDate "2007.11.25"]
[SourceQuality "1"]
[WhiteTeam "Suedlohn"]
[BlackTeam "Saerbeck"]
[WhiteTeamCountry "GER"]
[BlackTeamCountry "GER"]

1. e4 d6 2. d4 Nf6 3. Nc3 g6 4. Nf3 Bg7 5. Be2 0-0 6. Bf4 c6 7. h3 b5 8. e5 dxe5 9. Nxe5 b4 10. Na4 Nd5 11. Bd2 Qc7 12. Nf3 Nd7 13. 0-0 e5 14. dxe5 Nxe5 15. Nxe5 Bxe5 16. c4 bxc3 17. Nxc3 Nxc3 18. Bxc3 Bxc3 19. bxc3 Be6 20. Bf3 Rab8 21. Qa4 Rb5 22. Rfd1 Rfb8 23. Qd4 c5 24. Qf6 R5b6 25. Qg5 Kg7 26. Bd5 h6 27. Qe3 Bxd5 28. Rxd5 Rb1+ 29. Rd1 Rxa1 30. Rxa1 Qd6 31. Qe2 Qe6 32. Qxe6 fxe6 33. Rd1 Kf6 34. Rd7 Rb1+ 35. Kh2 Rc1 36. Rxa7 Rxc3 37. g3 Rc2 38. Kg2 Ke5 39. Kf3 Kd4 40. Rd7+ Kc4 41. Rd6 e5 42. Rxg6 Rxa2 43. Rxh6 Kd5 44. Rh8 e4+ 45. Ke3 Ra3+ 46. Ke2 Rf3 1/2-1/2

[Event "Muensterland Verbandsliga 0607"]
[Site "Germany"]
[Date "2006.10.28"]
[Round "2.6"]
[White "Waltermann, Jens"]
[Black "Hemmert, Michael"]
[Result "0-1"]
[WhiteElo "1911"]
[BlackElo "2013"]
[PlyCount "38"]
[EventDate "2006.09.16"]
[EventType "team"]
[EventRounds "9"]
[EventCountry "GER"]
[SourceTitle "EXT 2008"]
[Source "ChessBase"]
[SourceDate "2007.11.25"]
[SourceVersion "1"]
[SourceVersionDate "2007.11.25"]
[SourceQuality "1"]
[WhiteTeam "Saerbeck"]
[BlackTeam "Rheine Klein Berlin"]
[WhiteTeamCountry "GER"]
[BlackTeamCountry "GER"]

1. Nf3 f5 2. c4 Nf6 3. Nc3 g6 4. d3 Bg7 5. Bg5 0-0 6. Qd2 d6 7. h3 e5 8. e4 c6 9. 0-0-0 Qa5 10. Bh6 f4 11. Bxg7 Kxg7 12. d4 Na6 13. dxe5 dxe5 14. Qd6 Re8 15. g4 Nc5 16. Re1 Bxg4 17. hxg4 Rad8 18. Qxd8 Rxd8 19. g5 Ng4 0-1

[Event "Muensterland Verbandsliga 0506"]
[Site "Germany"]
[Date "2006.03.11"]
[Round "8.3"]
[White "Ommen, Tobias"]
[Black "Waltermann, Jens"]
[Result "1-0"]
[WhiteElo "1971"]
[BlackElo "1937"]
[PlyCount "67"]
[EventDate "2005.08.27"]
[EventType "team"]
[EventRounds "9"]
[EventCountry "GER"]
[SourceTitle "EXT 2006"]
[Source "ChessBase"]
[SourceDate "2005.11.24"]
[SourceVersion "1"]
[SourceVersionDate "2005.11.24"]
[SourceQuality "1"]
[WhiteTeam "Olfen"]
[BlackTeam "Saerbeck"]
[WhiteTeamCountry "GER"]
[BlackTeamCountry "GER"]

1. e4 d6 2. d4 Nf6 3. Nc3 g6 4. g3 Bg7 5. Bg2 0-0 6. Nge2 Nbd7 7. 0-0 Rb8 8. a4 a6 9. h3 c5 10. Be3 Qc7 11. f4 cxd4 12. Bxd4 b6 13. g4 e5 14. Be3 Bb7 15. g5 Nh5 16. f5 f6 17. Nd5 Bxd5 18. Qxd5+ Rf7 19. Bf3 fxg5 20. fxg6 hxg6 21. Bxh5 Nf6 22. Rxf6 Bxf6 23. Bxg6 Rbf8 24. Rf1 Kg7 25. Bxf7 Rxf7 26. c4 Qd7 27. Kh2 Kg6 28. Ng3 g4 29. Nf5 Qxa4 30. Nh6 Qc2+ 31. Rf2 g3+ 32. Kxg3 Bh4+ 33. Kxh4 Rxf2 34. Qg8+ 1-0